| 000 | 00893nam a2200217Ia 4500 | ||
|---|---|---|---|
| 999 |
_c39761 _d39761 |
||
| 001 | 6366 | ||
| 003 | GE_BSU | ||
| 005 | 20191011145706.0 | ||
| 008 | 181216s1991||||g |||||||||||||| ||geo|| | ||
| 040 | _cGE_BSU | ||
| 041 | _ageo | ||
| 080 | _a821.353.1+94(473+57)’’1941-945’’ ბ-37 | ||
| 100 |
_aბახტაძე, მ. _94696 |
||
| 245 |
_aვერმახტის საიდუმლო საქმე ; _bმოთხრობა / _cმ. ბახტაძე ; ე. კალანდაძე ; რედ. ე. მესხი. |
||
| 264 |
_aთბილისი : _bსაქართველო ; _c1991. |
||
| 300 |
_a178 გვ. ; _c20 სმ. |
||
| 653 | _aვერმახტის საიდუმლო საქმე | ||
| 653 | _aმოთხრობა | ||
| 700 |
_aმესხი, ე. _eრედაქტორი _93902 |
||
| 942 |
_cBK _2udc |
||